000 00524nam a2200181Ia 4500
999 _c42282
_d42282
003 GCL
005 20240530103748.0
008 140319s9999 xx 000 0 ara d
040 _aGCL /
_cGCL
082 0 4 _a189.2
_bا ر
100 1 _aاخوان الصفاء
245 1 0 _aرسائل اخوان الصفاء وخلان الوفاء /
_cاخوان الصفاء
490 _aكتاب
_v0
650 0 4 _aالفلسفة الاسلامية
650 0 4 _aالفلسفة
650 0 4 _aاخوان الصفا
942 _2ddc
_cBK